000 00676nam a22002177a 4500
999 _c3653
_d3653
001 3653
003 BD-JhCC
005 20171115193951.0
008 171115b1978 xxuac||| |||| 000 0 d
035 _a(BD-JhCC)3653
040 _aBD-JhCC
_dBD-JhCC
041 _aben
082 _a938
_bRAH 1978
100 _aরশীদ, আবদার
245 _aগ্রীস ও ট্রয়ের উপাখ্যান /
_cআবদার রশীদ
260 _aঢাকা :
_bবাংলা একাডেমী ,
_c১৯৭৮ .
300 _a১৪২ পৃ. :
_c২৫ সেমি.
650 _aCity of Troy
_zGreece
942 _2ddc
_cBK